Kraje graniczące z Rosją - Statystyki

Ogólne statystyki
  • Ten quiz został rozwiązany 3 059 razy
  • Średni wynik to 12 z 14
Statystyki odpowiedzi
Długość granicy Nazwa kraju % Poprawnych
3,645 km Chiny
98%
1,576 km Ukraina
96%
432 km Polska
95%
6,846 km Kazachstan
94%
959 km Białoruś
93%
290 km Estonia
93%
227 km Litwa
93%
292 km Łotwa
93%
1,313 km Finlandia
91%
3,441 km Mongolia
91%
723 km Gruzja
82%
18 km Korea Północna
79%
284 km Azerbejdżan
75%
196 km Norwegia
66%
Nie znaleziono quizów pasujących do podanych kryteriów
Rozkład punktacji
Procent ludzi z każdym wynikiem
Percentyl według liczby udzielonych odpowiedzi
Twoja historia wyników
Nie rozwiązałeś tego quizu